01174nam a2200253 a 450000100060000000300080000600500170001400800410003103500190007204000270009104100080011808200260012611000470015224501820019926000560038130000360043750401230047365100460059670000400064283000710068294200120075399900170076595201380078243062BD-RjUL20211209053636.0160619s1966 caua b 101 0 eng d a(BD-RjUL)43180 aDLCcIAUdBD-RjULbeng1 aeng a330.952223bPOS 19662 aTōkyō Keizai Kenkyū Sentā.913224010aPostwar economic growth in Japan :bselected papers of the first conference of the Tokyo Economic Research Center /cedited by Ryūtarō Komiya ; translated by Robert S. Ozaki aBerkeley :bUniversity of California Press,cc1966. axviii, 260 p. :bill. ;c25 cm. aIncludes Bibliography of Japanese sources with their English titles": p. 251-256. Bibliographical footnotes and index. 0aJapanxEconomic conditionsy1945-91322331 aKomiya, Ryūtarō,d1928-9132234 0aPublications of the Center for Japanese and Korean Studies9132241 2ddccBK c43062d43062 00102ddc40708NFICaRUCLbRUCLcStackd1977-04-25eJapan Foundationl0o330.952 POS 1966r2016-06-19 00:00:00tC-2w2016-06-19yBK